| 000 | 00898nam a2200229 a 4500 | ||
|---|---|---|---|
| 005 | 20260415064159.0 | ||
| 008 | 991125s1997 mx 000 0 spa u | ||
| 035 | _aUPN01000023486 | ||
| 049 | _aCG | ||
| 050 | 4 |
_aLC5309 U59 _bE9001-3 1994 GE |
|
| 100 | 1 | _aReyna García, Concepción | |
| 245 | 1 | 0 |
_aEvaluación y seguimiento en la escuela : _bguía del estudiante / _cConcepción Reyna García, Ma. Sabina García Lara ; coord. Xóchitl Leticia Moreno Fernández. |
| 260 |
_aMéxico : _bUPN, _c1997. |
||
| 300 | _a301 p. | ||
| 500 | _a"Licenciatura en Educación plan 1994" | ||
| 500 | _aCon: Evaluación y seguimiento en la escuela : antología básica | ||
| 650 | 4 |
_aEvaluación educativa _94298 |
|
| 700 | 1 |
_aGarcía Lara, María Sabina, _ecoaut. |
|
| 700 | 1 |
_aMoreno Fernández, Xóchitl Leticia, _ecoord. _929396 |
|
| 710 | 2 | _aUniversidad Pedagógica Nacional (México) | |
| 905 | _aLibro | ||
| 999 |
_c23486 _d23486 |
||